| 000 | 00541nam a2200205Ia 4500 | ||
|---|---|---|---|
| 005 | 20250508165657.0 | ||
| 008 | 008 250505s9999 xx 000 0 eng d | ||
| 037 | _aPeriodicals | ||
| 040 |
_aFEDL _beng _cFEDL |
||
| 041 |
_aeng _2eng |
||
| 084 |
_a532, KRE _qFEDL |
||
| 100 |
_aKrestov G.A _9781587 |
||
| 245 | 0 | _aFrom crystal to solution | |
| 260 |
_aMoscow _bMir Publishers _c1977 |
||
| 300 | _a140p | ||
| 365 |
_aINR _b85.25 |
||
| 700 |
_a Kobenin V. A. _9781588 |
||
| 942 |
_cCR _h532, KRE |
||
| 999 |
_c1396693 _d1396693 |
||